First Lines of Billie Eilish Songs #1 - Statistics

General Stats
  • This quiz has been taken 319 times
  • The average score is 12 of 15
Answer Stats
First Line Song % Correct
White shirt now red / My bloody nose bad guy
92%
I want you to stay / 'Til I'm in the grave BIRDS OF A FEATHER
92%
I try to live in black and white / But I'm so ___ BLUE
92%
I don't wanna talk right now / I just wanna watch __ TV
89%
Sittin' all alone / Mouth full of gum / In the driveway bellyache
84%
What do you want from me? / Why don't you run from me? bury a friend
84%
I'm _____ ____ / I think I'm aging well Getting Older
84%
Thought I found a way / Thought I found a way out lovely
83%
Told you not to worry / But maybe that's a lie ilomilo
77%
Don't be afraid of me / I'm what you need THE DINER
70%
Something's in the air right now / Like I'm losing track of time Lost Cause
69%
I don't want it / And I don't want to want you Halley's Comet
66%
I can't seem to focus / And you don't seem to notice my future
66%
I should have known / I'd leave alone No Time To Die
65%
Wake up and smell the coffee / Is your cup half full or empty? come out and play
64%
No matching quizzes found
Score Distribution
Percent of People with Each Score
Percentile by Number Answered
Your Score History
You have not taken this quiz